| 000 | 00537nam a2200193Ia 4500 | ||
|---|---|---|---|
| 003 | GCL | ||
| 008 | 140319s9999 xx 000 0 eng d | ||
| 040 |
_aGCL / _cGCL |
||
| 082 | 0 | 4 |
_a371.9 _bS L |
| 100 | 1 | _aSHANLEY, EAMON | |
| 245 | 1 | 0 |
_aLEARNING DISABILITIES: A HANDBOOK OF CARE, 2ND ED / _cSHANLEY, EAMON |
| 700 | 1 | _aSTARRS, THOMAS A. | |
| 260 |
_a[S.N] : _bCHURCHILL LIVINGSTONE ، _c1993 |
||
| 300 | _a327 P | ||
| 650 | 0 | 4 | _aDECISION - MAKING |
| 650 | 0 | 4 | _aLEARNING DISABILITIES |
| 650 | 0 | 4 | _aGUALITY OF CARE |
| 942 |
_2ddc _cBK |
||
| 999 |
_c23801 _d23801 |
||